000
00297nam a22001217a 4500
020
_a
0-340-04736-9
082
_a
629.8323 DOU'I
100
_a
DOUCE, J. L
_9
77038
245
_a
AN INTRODUCTION TO THE MATHEMATICS OF SERVOMECHANISMS
260
_a
LONDON
_b
EUP
_c
1963
300
_a
240P
942
_c
BK
999
_c
582356
_d
582356